Drugs and youth: proceedings of the Ruttgers symposium on drug abuse
| Körperschaft: | |
|---|---|
| Beteiligte: | |
| Medienart: | Druck Buch |
| Sprache: | Englisch |
| Veröffentlicht: |
Springsfield, Ill.
Thomas
1969
|
| In: | Jahr: 1969 |
| Bestand in Tübingen: | In Tübingen vorhanden. IFK: C XVII 35 UB: KB 1 A 780 |
| Verfügbarkeit prüfen: | HBZ Gateway |
| Subito Bestelldienst: | Jetzt bestellen. |
| Schlagwörter: |
MARC
| LEADER | 00000cam a2200000 c 4500 | ||
|---|---|---|---|
| 001 | 109531534X | ||
| 003 | DE-627 | ||
| 005 | 20251224220624.0 | ||
| 007 | tu | ||
| 008 | 910816s1969 xxu||||| 00| ||eng c | ||
| 035 | |a (DE-627)109531534X | ||
| 035 | |a (DE-576)02531534X | ||
| 035 | |a (DE-599)BSZ02531534X | ||
| 035 | |a (OCoLC)47876817 | ||
| 035 | |a (OCoLC)47876817 | ||
| 035 | |a (DE-604)8071815309 | ||
| 040 | |a DE-627 |b ger |c DE-627 |e rakwb | ||
| 041 | |a eng | ||
| 044 | |c XD-US | ||
| 082 | 0 | |a 613.83 |q OCLC | |
| 084 | |a MS 6410 |2 rvk |0 (DE-625)rvk/123754: | ||
| 084 | |a 44.39 |2 bkl | ||
| 084 | |a 86.56 |2 bkl | ||
| 245 | 0 | 0 | |a Drugs and youth |b proceedings of the Ruttgers symposium on drug abuse |c Comp. and ed. by J. R. Wittenborn [u.a.] |
| 264 | 1 | |a Springsfield, Ill. |b Thomas |c 1969 | |
| 300 | |a XIV, 485 S. |b graph. Darst. | ||
| 336 | |a Text |b txt |2 rdacontent | ||
| 337 | |a ohne Hilfsmittel zu benutzen |b n |2 rdamedia | ||
| 338 | |a Band |b nc |2 rdacarrier | ||
| 583 | 1 | |a Archivierung prüfen |c 20200919 |f DE-640 |z 3 |2 pdager | |
| 583 | 1 | |a Archivierung prüfen |c 20240324 |f DE-4165 |z 1 |2 pdager | |
| 583 | 1 | |a Archivierung/Langzeitarchivierung gewährleistet |c 20250619 |f FID |f DE-2298 |x XA-DE-NI |z FID Pharmazie |2 pdager |5 DE-84 | |
| 655 | 7 | |a Konferenzschrift |0 (DE-588)1071861417 |0 (DE-627)826484824 |0 (DE-576)433375485 |2 gnd-content | |
| 700 | 1 | |a Wittenborn, John R. |e Hrsg. |0 (DE-627)1233601059 |0 (DE-576)163601054 |4 edt | |
| 711 | 2 | |a Rutgers Symposium on Drug Abuse |0 (DE-588)243250-X |0 (DE-627)103443223 |0 (DE-576)190840250 |4 oth | |
| 889 | |w (DE-627)195524055 | ||
| 935 | |i mdedup | ||
| 936 | r | v | |a MS 6410 |b Sucht, Selbstmord, Tabus, Alkoholismus |k Soziologie |k Spezielle Soziologien |k Soziale Probleme |k Sucht, Selbstmord, Tabus, Alkoholismus |0 (DE-627)1271141701 |0 (DE-625)rvk/123754: |0 (DE-576)201141701 |
| 936 | b | k | |a 44.39 |j Toxikologie |0 (DE-627)106409328 |
| 936 | b | k | |a 86.56 |j Gesundheitsrecht |j Lebensmittelrecht |0 (DE-627)106416995 |
| 951 | |a BO | ||
| ELC | |b 1 | ||
| LOK | |0 000 xxxxxcx a22 zn 4500 | ||
| LOK | |0 001 2170161082 | ||
| LOK | |0 003 DE-627 | ||
| LOK | |0 004 109531534X | ||
| LOK | |0 005 20010911000000 | ||
| LOK | |0 008 910816||||||||||||||||ger||||||| | ||
| LOK | |0 040 |a DE-21 |c DE-627 |d DE-21 | ||
| LOK | |0 852 |a DE-21 | ||
| LOK | |0 852 1 |c KB 1 A 780 |9 00 | ||
| LOK | |0 935 |a krim | ||
| LOK | |0 936ln |a k9.7.2 | ||
| LOK | |0 939 |a 16-08-91 |b l01 | ||
| LOK | |0 000 xxxxxcx a22 zn 4500 | ||
| LOK | |0 001 2170161090 | ||
| LOK | |0 003 DE-627 | ||
| LOK | |0 004 109531534X | ||
| LOK | |0 005 20020607000000 | ||
| LOK | |0 008 940224||||||||||||||||ger||||||| | ||
| LOK | |0 040 |a DE-21-110 |c DE-627 |d DE-21-110 | ||
| LOK | |0 852 |a DE-21-110 | ||
| LOK | |0 852 1 |c C XVII 35 |m p |9 00 | ||
| LOK | |0 935 |a k110 | ||
| LOK | |0 936ln |a 9.7 | ||
| LOK | |0 938 |k p | ||
| LOK | |0 939 |a 24-02-94 |b l01 | ||
| ORI | |a SA-MARC-krimdoka001.raw | ||
| SIG | |a IFK: C XVII 35 | ||
| SIG | |a UB: KB 1 A 780 | ||
